000 00789nas a2200241Ia 4500
001 A09/R118-53116
003 IT-MiCISF
005 20230317155939.0
008 161014c99999999xx |||||||||||| ||und||
040 _aIT-MiCISF
_cIT-MiCISF
041 _ait
100 _aFarina Marcella (et al.)
_959745
245 0 _aFamiglia: luogo generatore di responsabilità sociale
250 _a"Rivista di scienze dell'educazione", n. 2 maggio-agosto
260 _c2014
300 _app. 157-234
500 _a famiglia, differenza-sessuale, lavoro, legislazione, politica-familiare, associazionismo, maternità, chiesa
650 _aFamiglia
_956036
654 _adossier
700 _aGaleotti G., Rebuzzini L., Zamagni S. e V., Belletti F.
_959746
942 _cCR
_2ddc
999 _c232270
_d232270
999 _bSi